| 000 | 01111nam a22002777a 4500 | ||
|---|---|---|---|
| 008 | 081205t xxu||||| |||| 00| 0 eng d | ||
| 010 | _aENG-92046 | ||
| 020 |
_c700.00 _a9788190465304 (series) |
||
| 020 |
_c700.00 _a9788190465311 (V.1) |
||
| 035 | _aEN-75579 | ||
| 037 | _bDBAD / PUB | ||
| 040 |
_adpl _bEnglish |
||
| 082 | _a305.562 | ||
| 245 |
_aDalits in contemporary India : _cedited by Nandu Ram _bdiscrimination and discontent / |
||
| 250 | _a1st ed. | ||
| 260 |
_aNew Delhi _bSiddhant Publications _c2008- |
||
| 270 |
_a62-A, Munirka _bNew Delhi _e110067 |
||
| 300 |
_av. <1> _c22cm (Hb) |
||
| 500 | _aIncludes bibliographical references and index. | ||
| 505 | _av.1- Discrimination and discontent. | ||
| 650 |
_aDalits _zIndia |
||
| 650 |
_aDalits _zIndia _xSocial conditions |
||
| 700 | _aNandu Ram, 1946- | ||
| 942 |
_2ddc _cEN _mDAL _h305.562 |
||
| 999 |
_c19551 _d19551 |
||